000 01028nam a2200169 a 4500
008 120416s0000 ||||||||||||||||| || u
020 _a0070327785
050 _aLB 1027.5 Jon
100 _aJones, Joan Simon
245 1 0 _aSolving life problems in occupation knowledge 2
260 _aNew York
_bMcGraw-Hill
_c1980
350 _a0.00
995 _aMAIN LIBRARY OPEN ACCESS
_D0.00
_e713980
_FCBU-MAIN LIBRARY (Kitwe)
_H4
_I9.50
_jLB 1027.5 Jon
_M4
_UWEEDED
_VJul 26, 2017
_y009627
_ZMain Library Open Access Collection
995 _aMAIN LIBRARY OPEN ACCESS
_D0.00
_e713978
_FCBU-MAIN LIBRARY (Kitwe)
_H2
_I9.50
_jLB 1027.5 Jon
_M2
_UWEEDED
_VJul 26, 2017
_y009625
_ZMain Library Open Access Collection
995 _aMAIN LIBRARY OPEN ACCESS
_D0.00
_e713979
_FCBU-MAIN LIBRARY (Kitwe)
_H3
_I9.50
_jLB 1027.5 Jon
_M3
_UWEEDED
_VJul 26, 2017
_y009626
_ZMain Library Open Access Collection
995 _aMAIN LIBRARY OPEN ACCESS
_D0.00
_e713981
_FCBU-MAIN LIBRARY (Kitwe)
_H1
_I9.50
_jLB 1027.5 Jon
_M1
_UWEEDED
_VJul 26, 2017
_y009628
_ZMain Library Open Access Collection
999 _c76654
_d76654